WWE Royal Rumble - Final Fours - Statistics

General Stats
  • This quiz has been taken 11,981 times
    1,263 since last reset
  • The average score is 128 of 192
Answer Stats
Year Position Wrestler % Correct
2026 (Men's) Winner Roman Reigns
97%
2020 (Men's) 2 Roman Reigns
97%
2018 (Men's) 2 Roman Reigns
97%
2017 2 Roman Reigns
97%
2016 3 Roman Reigns
97%
2015 Winner Roman Reigns
97%
2014 2 Roman Reigns
97%
2025 (Men's) 2 John Cena
96%
2018 (Men's) 3 John Cena
96%
2013 Winner John Cena
96%
2010 2 John Cena
96%
2008 Winner John Cena
96%
2005 2 John Cena
96%
2024 (Men's) Winner Cody Rhodes
92%
2023 (Men's) Winner Cody Rhodes
92%
2009 3 Cody Rhodes
92%
2025 (Men's) Winner Jey Uso
92%
2026 (Men's) 3 Randy Orton
92%
2021 (Men's) 2 Randy Orton
92%
2020 (Men's) 4 Randy Orton
92%
2017 Winner Randy Orton
92%
2012 3 Randy Orton
92%
2011 3 Randy Orton
92%
2009 Winner Randy Orton
92%
2007 4 Randy Orton
92%
2006 2 Randy Orton
92%
2025 (Women's) Winner Charlotte Flair
89%
2022 (Women's) 2 Charlotte Flair
89%
2021 (Women's) 3 Charlotte Flair
89%
2020 (Women's) Winner Charlotte Flair
89%
2019 (Women's) 2 Charlotte Flair
89%
2016 Winner Triple H
88%
2009 2 Triple H
88%
2008 2 Triple H
88%
2006 3 Triple H
88%
2002 Winner Triple H
88%
2022 (Men's) Winner Brock Lesnar
87%
2003 Winner Brock Lesnar
87%
2023 (Men's) 4 Seth Rollins
86%
2021 (Men's) 3 Seth Rollins
86%
2019 (Men's) Winner Seth Rollins
86%
2007 Winner The Undertaker
86%
2003 2 The Undertaker
86%
1997 4 The Undertaker
86%
2021 (Men's) Winner Edge
85%
2020 (Men's) 3 Edge
85%
2010 Winner Edge
85%
2007 3 Edge
85%
2005 3 Edge
85%
1992 Winner Ric Flair
85%
2025 (Men's) 4 CM Punk
84%
2024 (Men's) 2 CM Punk
84%
2014 4 CM Punk
84%
2010 4 Shawn Michaels
84%
2007 2 Shawn Michaels
84%
1996 Winner Shawn Michaels
84%
1995 Winner Shawn Michaels
84%
1994 3 Shawn Michaels
84%
2002 4 Stone Cold Steve Austin
84%
2001 Winner Stone Cold Steve Austin
84%
1999 2 Stone Cold Steve Austin
84%
1998 Winner Stone Cold Steve Austin
84%
1997 Winner Stone Cold Steve Austin
84%
1992 3 Hulk Hogan
83%
1991 Winner Hulk Hogan
83%
1990 Winner Hulk Hogan
83%
2001 3 The Rock
83%
2000 Winner The Rock
83%
1998 2 The Rock
83%
2014 Winner Batista
81%
2010 3 Batista
81%
2008 3 Batista
81%
2005 Winner Batista
81%
2003 4 Batista
81%
2026 (Women's) Winner Liv Morgan
81%
2024 (Women's) 2 Liv Morgan
81%
2023 (Women's) 2 Liv Morgan
81%
2006 Winner Rey Mysterio
81%
2005 4 Rey Mysterio
81%
2023 (Women's) Winner Rhea Ripley
81%
2021 (Women's) 2 Rhea Ripley
81%
2024 (Men's) 4 Drew McIntyre
80%
2022 (Men's) 2 Drew McIntyre
80%
2020 (Men's) Winner Drew McIntyre
80%
2026 (Men's) 2 Gunther
80%
2024 (Men's) 3 Gunther
80%
2023 (Men's) 2 Gunther
80%
2015 4 Kane
80%
2008 4 Kane
80%
2003 3 Kane
80%
2001 2 Kane
80%
2000 4 Kane
80%
2019 (Women's) Winner Becky Lynch
77%
2015 3 The Big Show
76%
2012 4 The Big Show
76%
2004 2 The Big Show
76%
2000 2 The Big Show
76%
2023 (Women's) 3 Asuka
75%
2018 (Women's) Winner Asuka
75%
2016 4 Sheamus
75%
2014 3 Sheamus
75%
2013 3 Sheamus
75%
2012 Winner Sheamus
75%
1997 2 Bret Hart
74%
1994 Winners Bret Hart
74%
2025 (Women's) 4 Nikki Bella
73%
2018 (Women's) 2 Nikki Bella
73%
2018 (Men's) Winner Shinsuke Nakamura
73%
2011 Winner Alberto Del Rio
72%
2024 (Women's) Winner Bayley
72%
2019 (Women's) 4 Bayley
72%
2022 (Women's) 3 Bianca Belair
72%
2021 (Women's) Winner Bianca Belair
72%
2016 2 Dean Ambrose
72%
2026 (Men's) 4 Logan Paul
72%
2025 (Men's) 3 Logan Paul
72%
2023 (Men's) 3 Logan Paul
72%
2018 (Women's) 3 Brie Bella
71%
2004 Winner Chris Benoit
70%
1999 Winner Vince McMahon
69%
2017 4 Chris Jericho
65%
2012 2 Chris Jericho
65%
2004 4 Chris Jericho
65%
1993 Winner Yokozuna
65%
2022 (Women's) Winner Ronda Rousey
61%
2022 (Men's) 3 Shane McMahon
61%
1993 2 Randy Savage
60%
1992 4 Randy Savage
60%
1988 Winner Hacksaw Jim Duggan
59%
2026 (Women's) 2 Tiffany Stratton
59%
2024 (Women's) 4 Tiffany Stratton
59%
2025 (Women's) 3 Nia Jax
58%
2019 (Women's) 3 Nia Jax
58%
2018 (Women's) 4 Sasha Banks
58%
2019 (Men's) 2 Braun Strowman
56%
2004 3 Kurt Angle
56%
2002 2 Kurt Angle
56%
2015 2 Rusev
55%
2017 3 Bray Wyatt
54%
2011 2 Santino Marella
54%
1995 4 Lex Luger
52%
1994 Winners Lex Luger
52%
2018 (Men's) 4 Finn Balor
51%
1989 Winner Big John Studd
50%
2026 (Women's) 3 Sol Ruca
50%
1996 2 Diesel
48%
2013 2 Ryback
45%
2021 (Men's) 4 Christian
44%
2019 (Men's) 3 Dolph Ziggler
44%
2013 4 Dolph Ziggler
44%
2025 (Women's) 2 Roxanne Perez
44%
2009 4 Ted DiBiase
43%
1989 2 Ted DiBiase
43%
1998 4 Dude Love
41%
2024 (Women's) 3 Jade Cargill
37%
1992 2 Sid Justice
36%
1999 3 The Big Boss Man
36%
1996 4 The British Bulldog
36%
1995 2 The British Bulldog
36%
1991 4 The British Bulldog
36%
1997 3 Fake Diesel
32%
2002 3 Mr. Perfect
32%
1990 2 Mr. Perfect
32%
2026 (Women's) 4 Raquel Rodriguez
32%
2021 (Women's) 4 Natalya
31%
2020 (Women's) 4 Natalya
31%
2006 4 Rob Van Dam
30%
2022 (Women's) 4 Shayna Baszler
29%
2020 (Women's) 2 Shayna Baszler
29%
2011 4 Wade Barrett
28%
2000 3 X-Pac
25%
2022 (Men's) 4 Matt Riddle
24%
2001 4 Billy Gunn
23%
1988 2 One Man Gang
23%
1991 2 Earthquake
20%
1994 4 Fatu
19%
2023 (Women's) 4 Nikki Cross
19%
2019 (Men's) 4 Andrade
18%
1989 3 Akeem
17%
2020 (Women's) 3 Beth Phoenix
16%
1990 3 Rick Rude
16%
1993 3 Bob Backlund
15%
1998 3 Faarooq
14%
1999 4 D'Lo Brown
13%
1993 4 Rick Martel
13%
1989 4 Rick Martel
13%
1988 4 Don Muraco
12%
1988 3 Dino Bravo
10%
1991 3 Brian Knobbs
9%
1995 3 Crush
9%
1990 4 Hercules
9%
1996 3 Kama
9%
No matching quizzes found
Score Distribution
Percent of People with Each Score
Percentile by Number Answered
Your Score History
You have not taken this quiz since the last reset